| 000 | 00546nam a2200157Ia 4500 | ||
|---|---|---|---|
| 020 | _a9694130697(hb) | ||
| 082 |
_a954.91 _bWAH _cL-40, P-61 |
||
| 100 |
_aJinnah, Muhammad Ali,1876-1948. _946497 |
||
| 245 |
_aThe Nation`s Voice: _bachieving the goal. |
||
| 260 |
_aKarachi: _bQuaid-i-Azam Academy, _c2002. |
||
| 300 |
_a1xxxiv, 732p. _bill. _c22 cm |
||
| 526 |
_a0 _b0 _c0 _d954_910000000000000_WAH |
||
| 650 |
_aJinnah, Muhammad Ali,1876-1948 -- Addresses, Essays, Lectures, Etc. _946498 |
||
| 700 |
_aWaheed Ahmad. (ed.). _946499 |
||
| 942 |
_2ddc _cBK |
||
| 999 |
_c549822 _d549822 |
||